01283nam a2200265 a 4500001001000000005001700010008004100027041000800068044000700076084002000083100004500103245008100148260003400229300001900263500013300282500007300415500023300488500001000721650005200731650005600783650003400839650004500873700004900918740005000967BRCA_248720190320203831.0211108s1844----fr-#---###---#000-0dspa-u aspa afr a128b.H56c18441 aCervantes Saavedra, Miguel ded1547-161610aEl Ingenioso Hidalgo Don Quijote de la ManchacMiguel de Cervantes Saavedra. aParísbCarlos Hingrayc1844 a695 p.c19 cm. aContenido : Advertencia del editor. Breve vida de Cervantes. Dedicatorias del autor. Prólogos del autor. Texto de ambas partes aEdición : Nueva edición corregida y anotada por Eugenio de Ochoa aLa primera edición corregida por E. Ochoa. Sigue la edición de Diego Clemencín cuyas notas reproduce en forma abreviada, tomando en cuenta las de Bowle, Pellicer y de la Academia. La impresión es mediana Lúdovik Osterc aQM10914aNovela españolayÉpoca clásica, 1500-170014aLiteratura españolayÉpoca clásica, 1500-170014aNovela españolaySiglo XVII14aDon Quijote (Personaje ficticio)eNovela1 aOchoa y Montel, Eugeniod1815-1872eAnotador0 aEl Ingenioso Hidalgo Don Quijote de la Mancha